000 00719nam a2200241Ia 4500
003 OSt
005 20260310121745.0
008 220923b |||||||| |||| 00| 0 eng d
020 _a0195623290
037 _cGeneral Book
040 _aRTL
_cRTL
_beng
041 _2eng
_aeng
084 _aX9(J).2.L07, K3;N9/TD
_qRTL
100 _aHabib, Irfan
_96842
245 0 _aAgrarian system of Mughal India 1556-1707
250 _a2nd
260 _a New Delhi
_bOxford University Press
_c1999
300 _axvi, 547 p.
_binculed biblograpical refrence an index
650 _a Economics
650 _aAgricultural
_9277488
942 _hX9(J).2.L07, K3;N9/TD
_cTB
_2CC
999 _c608336
_d608336